| 000 | 00508nam a22001817a 4500 | ||
|---|---|---|---|
| 999 |
_c5604 _d5604 |
||
| 003 | GBCCL | ||
| 005 | 20241126110545.0 | ||
| 008 | 180329b ||||| |||| 00| 0 eng d | ||
| 040 | _cGBC | ||
| 082 |
_a808.82 _bMIL |
||
| 100 | _4Miller, Arthur | ||
| 245 |
_aA view from the bridge : _bAll my sons _cArthur Miller |
||
| 260 |
_aHarmondsworth, Middlesex : _bPenguin Books, _c 1973. |
||
| 300 |
_a171 p. ; _b 18 cm. |
||
| 440 |
_aPenguin plays. _910129 |
||
| 650 |
_a American drama. _910130 |
||
| 942 |
_2ddc _cBK |
||